| 000 | 00934cam a2200253 4500 | ||
|---|---|---|---|
| 001 | WB3633-27 | ||
| 008 | 000000n2000 000 0 eng u | ||
| 035 | _a(Sirsi) u107954 | ||
| 245 | _aLease reform Bill 'not enough' | ||
| 260 | _c2000 | ||
| 490 |
_aTimes _v 21 August 2000, 12 |
||
| 490 |
_aFinancial Times _v26/27 August 2000, 6 |
||
| 490 |
_aGuardian _v26 August 2000, 15(3) |
||
| 520 | _aMPs believe government reforms to the leasehold system do not go far enough to modernise property laws. Changes argued for, include scrapping entirely the concept of leasehold for new buildings and replacing it with commonhold, and removing the concept of 'marriage value'. | ||
| 590 | _aWB | ||
| 650 | _aLEASEHOLD REFORM | ||
| 650 | _aCOMMONHOLD | ||
| 650 | _aUNITED STATES | ||
| 650 | _aTENURE | ||
| 650 | _aMARRIAGE VALUE | ||
| 650 | _aPROPERTY OWNERSHIP | ||
| 690 | _aLANDLORD AND TENANT-LEASEHOLD REFORM | ||
| 942 | _n0 | ||
| 999 |
_c64488 _d64488 |
||